[Event "Klatovy op-B 24th"]
[Site "Klatovy"]
[Date "2018.07.06"]
[Round "7"]
[White "Celovsky, Jan"]
[Black "Cipera, Josef"]
[Result "1-0"]
[WhiteElo "1397"]
[BlackElo "1688"]
[PlyCount "63"]
[EventDate "2018.06.30"]
[EventType "swiss"]
[EventRounds "9"]
[EventCountry "CZE"]
[SourceTitle "EXT 2019"]
[Source "ChessBase"]
[SourceDate "2018.10.10"]
[SourceVersion "1"]
[SourceVersionDate "2018.10.10"]
[SourceQuality "1"]

1. e4 c5 2. Nf3 d6 3. d4 cxd4 4. Nxd4 Nf6 5. Nc3 a6 6. Bc4 e5 7. Nde2 b5 8. Bd5 Nxd5 9. Nxd5 h6 10. g3 Bg4 11. h3 Bf3 12. Rf1 Bxe4 13. Nec3 Bg2 14. Rg1 Bxh3 15. g4 h5 16. gxh5 Be6 17. Qf3 Nd7 18. Nc7+ Qxc7 19. Qxa8+ Nb8 20. Be3 Kd7 21. 0-0-0 Bf5 22. Rg5 g6 23. hxg6 fxg6 24. Qd5 Be6 25. Qxe5 Rg8 26. Ne4 Bf5 27. Rxf5 Nc6 28. Rf7+ Be7 29. Qxd6+ Qxd6 30. Rxd6+ Kc7 31. Bf4 Kb6 32. Rxe7 1-0

[Event "Klatovy op-B 24th"]
[Site "Klatovy"]
[Date "2018.07.03"]
[Round "4"]
[White "Vojir, Vaclav"]
[Black "Celovsky, Jan"]
[Result "0-1"]
[WhiteElo "1225"]
[BlackElo "1397"]
[PlyCount "62"]
[EventDate "2018.06.30"]
[EventType "swiss"]
[EventRounds "9"]
[EventCountry "CZE"]
[SourceTitle "CBM 185 Extra"]
[Source "ChessBase"]
[SourceDate "2018.07.29"]
[SourceVersion "1"]
[SourceVersionDate "2018.07.29"]
[SourceQuality "1"]

1. e4 e5 2. Nf3 Nc6 3. Bc4 Nf6 4. Nc3 Bc5 5. d3 h6 6. Be3 Bb6 7. d4 exd4 8. Nxd4 Nxd4 9. Bxd4 d6 10. 0-0 0-0 11. h3 Be6 12. Bb3 Re8 13. Re1 Qd7 14. Bxb6 axb6 15. f4 Qc6 16. e5 dxe5 17. fxe5 Nd7 18. Qh5 Bxb3 19. cxb3 Qc5+ 20. Kh1 Nxe5 21. Na4 Qa5 22. Re2 Nd3 23. Qxa5 bxa5 24. Rd2 Rad8 25. Kg1 b5 26. Nc3 b4 27. Na4 Rd6 28. Rad1 Red8 29. Kf1 Kf8 30. Ke2 Nf4+ 31. Ke1 Nxg2+ 0-1

[Event "Klatovy op-B 24th"]
[Site "Klatovy"]
[Date "2018.07.01"]
[Round "2"]
[White "Rezac, Jindrich"]
[Black "Celovsky, Jan"]
[Result "1-0"]
[WhiteElo "1806"]
[BlackElo "1397"]
[PlyCount "39"]
[EventDate "2018.06.30"]
[EventType "swiss"]
[EventRounds "9"]
[EventCountry "CZE"]
[SourceTitle "CBM 185 Extra"]
[Source "ChessBase"]
[SourceDate "2018.07.29"]
[SourceVersion "1"]
[SourceVersionDate "2018.07.29"]
[SourceQuality "1"]

1. e4 e5 2. Nf3 Nc6 3. d4 exd4 4. Bc4 Bc5 5. c3 dxc3 6. Bxf7+ Kxf7 7. Qd5+ Ke8 8. Qxc5 Nge7 9. Nxc3 d6 10. Qg5 Ng6 11. Qh5 Qe7 12. 0-0 Be6 13. Nd5 Bxd5 14. exd5 Nce5 15. Ng5 Kd7 16. Qh3+ Ke8 17. Bd2 h6 18. Ne6 Kd7 19. Rac1 c5 20. Nxc5+ 1-0

[Event "Klatovy op-B 24th"]
[Site "Klatovy"]
[Date "2018.06.30"]
[Round "1"]
[White "Celovsky, Jan"]
[Black "Perik, Alois"]
[Result "1/2-1/2"]
[WhiteElo "1397"]
[BlackElo "1832"]
[PlyCount "41"]
[EventDate "2018.06.30"]
[EventType "swiss"]
[EventRounds "9"]
[EventCountry "CZE"]
[SourceTitle "CBM 185 Extra"]
[Source "ChessBase"]
[SourceDate "2018.07.29"]
[SourceVersion "1"]
[SourceVersionDate "2018.07.29"]
[SourceQuality "1"]

1. e4 c6 2. d4 d5 3. Nc3 dxe4 4. Nxe4 Bf5 5. Ng3 Bg6 6. Nf3 e6 7. Bd3 Bxd3 8. Qxd3 Nd7 9. Bf4 Ngf6 10. 0-0 Nd5 11. Bd2 Bd6 12. Ne4 Bf4 13. c4 Bxd2 14. Nfxd2 N5f6 15. Nd6+ Kf8 16. Qf3 Qe7 17. c5 Nd5 18. N2e4 N5f6 19. Rfe1 Nxe4 20. Rxe4 g6 21. Rae1 1/2-1/2

[Event "Klatovy op-B 23rd"]
[Site "Klatovy"]
[Date "2017.07.09"]
[Round "9"]
[White "Devera, Filip"]
[Black "Celovsky, Jan"]
[Result "0-1"]
[WhiteElo "1000"]
[BlackElo "1387"]
[PlyCount "30"]
[EventDate "2017.07.01"]
[EventType "swiss"]
[EventRounds "9"]
[EventCountry "CZE"]
[SourceTitle "EXT 2018"]
[Source "ChessBase"]
[SourceDate "2017.10.13"]
[SourceVersion "1"]
[SourceVersionDate "2017.10.13"]
[SourceQuality "1"]

1. e4 c5 2. Nc3 e6 3. g3 d5 4. Bg2 Nf6 5. d3 Nc6 6. f4 b6 7. h3 h5 8. Nf3 dxe4 9. dxe4 Qxd1+ 10. Kxd1 Bb7 11. Be3 Rd8+ 12. Ke1 Nd4 13. Rc1 Nxe4 14. Nxe4 Bxe4 15. c3 Nxf3+ 0-1

[Event "Klatovy op-B 22nd"]
[Site "Klatovy"]
[Date "2016.07.09"]
[Round "8"]
[White "Celovsky, Jan"]
[Black "Palla, Ivan"]
[Result "0-1"]
[WhiteElo "1281"]
[BlackElo "1536"]
[PlyCount "46"]
[EventDate "2016.07.02"]
[EventType "swiss"]
[EventRounds "9"]
[EventCountry "CZE"]
[SourceTitle "EXT 2019"]
[Source "ChessBase"]
[SourceDate "2018.10.10"]
[SourceVersion "1"]
[SourceVersionDate "2018.10.10"]
[SourceQuality "1"]

1. e4 c5 2. Nf3 Nc6 3. d4 cxd4 4. Nxd4 Nf6 5. Nc3 e6 6. Be3 Be7 7. Be2 0-0 8. 0-0 a6 9. f4 d6 10. Bf3 Qc7 11. a4 Na5 12. Be2 Nc4 13. Bxc4 Qxc4 14. Qd3 Qc7 15. b4 b6 16. b5 Bb7 17. bxa6 Bxa6 18. Ndb5 Qc6 19. Rfd1 Rfc8 20. Qd2 Ne8 21. Nd4 Qxc3 22. Qxc3 Rxc3 23. Bd2 Rcc8 0-1

[Event "Klatovy op-B 22nd"]
[Site "Klatovy"]
[Date "2016.07.03"]
[Round "2"]
[White "Kudrna, Miroslav"]
[Black "Celovsky, Jan"]
[Result "1/2-1/2"]
[WhiteElo "1580"]
[BlackElo "1281"]
[PlyCount "59"]
[EventDate "2016.07.02"]
[EventType "swiss"]
[EventRounds "9"]
[EventCountry "CZE"]
[SourceTitle "EXT 2019"]
[Source "ChessBase"]
[SourceDate "2018.10.10"]
[SourceVersion "1"]
[SourceVersionDate "2018.10.10"]
[SourceQuality "1"]

1. e4 e5 2. Nf3 Nc6 3. Bb5 a6 4. Ba4 Nf6 5. 0-0 b5 6. Bb3 Be7 7. Re1 0-0 8. c3 Re8 9. d4 d6 10. h3 Bb7 11. Bg5 Na5 12. Nbd2 h6 13. Bh4 Bf8 14. Bc2 c5 15. d5 b4 16. cxb4 cxb4 17. a3 Qb6 18. axb4 Qxb4 19. Ra4 Qb5 20. b4 Nc4 21. Nxc4 Qxc4 22. Bd3 Qc7 23. Nd2 Nd7 24. f3 Qb6+ 25. Bf2 Qc7 26. Nc4 Rec8 27. Qc2 Be7 28. g3 g5 29. g4 Nf8 30. Rc1 1/2-1/2